| 000 | 00385nam a2200133 4500 | ||
|---|---|---|---|
| 999 |
_c9579 _d9579 |
||
| 003 | OSt | ||
| 005 | 20210705111058.0 | ||
| 008 | 210705b ||||| |||| 00| 0 eng d | ||
| 020 | _a9781138692145 | ||
| 082 |
_a720.103 _bMIT |
||
| 100 | _aMitchell, Maurice; Tang, Bo 1983- | ||
| 245 | _aLoose fit city : the contribution of bottom-up architecture to urban design and planning | ||
| 942 | _2ddc | ||